Rest in peace/ (Record no. 181985)

000 -LEADER
fixed length control field 00400nam a2200169 4500
020 ## - INTERNATIONAL STANDARD BOOK NUMBER
ISBN 9789359622996
082 ## - DEWEY DECIMAL CLASSIFICATION NUMBER
Classification number M3
Item number LAJ/R
100 ## - MAIN ENTRY--AUTHOR NAME
Personal name Lajo Jose
245 ## - TITLE STATEMENT
Title Rest in peace/
Statement of responsibility, etc by Lajo Jose
250 ## - EDITION STATEMENT
Edition statement 14th ed.
260 ## - PUBLICATION, DISTRIBUTION, ETC. (IMPRINT)
Place of publication Kozhikode:
Name of publisher Mathrubhumi books,
Year of publication 2025.
300 ## - PHYSICAL DESCRIPTION
Number of Pages 182p.
650 ## - SUBJECT ADDED ENTRY--TOPICAL TERM
Topical Term Novel Malayalam
650 ## - SUBJECT ADDED ENTRY--TOPICAL TERM
Topical Term Literature Malayalam
650 ## - SUBJECT ADDED ENTRY--TOPICAL TERM
Topical Term Literature
942 ## - ADDED ENTRY ELEMENTS (KOHA)
Koha item type Book
Holdings
Withdrawn status Lost status Damaged status Not for loan Permanent Location Current Location Shelving location Date acquired Cost, normal purchase price Full call number Accession Number Price effective from Koha item type
        Sree Sankaracharya University of Sanskrit Sree Sankaracharya University of Sanskrit Stacks 03.06.2026 250.00 M3 LAJ/R 109053 03.06.2026 Book